[Event "Belgrade-chT"]
[Site "Belgrade"]
[Date "2017.10.07"]
[Round "2.1"]
[White "Karanovic, Radoslav"]
[Black "Djordjevic, Nevena"]
[Result "1-0"]
[WhiteElo "2198"]
[BlackElo "1632"]
[PlyCount "63"]
[EventDate "2017.10.01"]
[EventType "team-tourn"]
[EventRounds "11"]
[EventCountry "SRB"]
[SourceTitle "CBM 181 Extra"]
[Source "ChessBase"]
[SourceDate "2017.12.12"]
[SourceVersion "1"]
[SourceVersionDate "2017.12.12"]
[SourceQuality "1"]
[WhiteTeam "Dunavski Venac"]
[BlackTeam "Vidikovac"]
[WhiteTeamCountry "SRB"]
[BlackTeamCountry "SRB"]

1. e4 c5 2. Nf3 e6 3. d4 cxd4 4. c3 d3 5. Bxd3 Nc6 6. 0-0 d6 7. Qe2 Nf6 8. Rd1 Qc7 9. Na3 Be7 10. Nb5 Qb8 11. Bf4 a6 12. Nxd6+ Bxd6 13. Bxd6 Qxd6 14. e5 Qe7 15. exf6 Qxf6 16. h4 0-0 17. Qe4 g6 18. Bc2 e5 19. Bb3 Bf5 20. Qe3 Rad8 21. Bd5 Rfe8 22. Ng5 Rd7 23. g3 Red8 24. Bf3 Rd3 25. Rxd3 Rxd3 26. Qe2 Qd6 27. Re1 Rd2 28. Qc4 Qf6 29. Bd5 Be6 30. Ne4 Qf3 31. Bxe6 Rxb2 32. Bg4 1-0

[Event "Belgrade-chT Quality"]
[Site "Belgrade"]
[Date "2012.10.28"]
[Round "6.2"]
[White "Karanovic, Radoslav"]
[Black "Matic, Petar"]
[Result "0-1"]
[WhiteElo "2228"]
[BlackElo "2249"]
[PlyCount "49"]
[EventDate "2012.10.13"]
[EventType "team-tourn"]
[EventRounds "11"]
[EventCountry "SRB"]
[SourceTitle "EXT 2019"]
[Source "ChessBase"]
[SourceDate "2018.10.10"]
[SourceVersion "1"]
[SourceVersionDate "2018.10.10"]
[SourceQuality "1"]

1. e4 e6 2. d4 d5 3. Nd2 Nf6 4. e5 Nfd7 5. Qg4 c5 6. c3 Nc6 7. a3 h5 8. Qf4 g5 9. Qe3 Qb6 10. Ne2 cxd4 11. cxd4 a5 12. g4 hxg4 13. Bg2 Be7 14. Nb1 Nf8 15. Nbc3 Ng6 16. 0-0 Nh4 17. Rd1 Bd7 18. Bh1 Nf5 19. Qd3 Rh3 20. Be3 Nxe5 21. dxe5 Nxe3 22. Qd4 Bc5 23. Na4 Bxd4 24. Nxb6 Bxb6 25. fxe3 0-1

[Event "Belgrade-chT Quality"]
[Site "Belgrade"]
[Date "2012.10.14"]
[Round "2"]
[White "Matovic, Sasa"]
[Black "Karanovic, Radoslav"]
[Result "1/2-1/2"]
[WhiteElo "2169"]
[BlackElo "2228"]
[PlyCount "26"]
[EventDate "2012.10.13"]
[EventType "team-tourn"]
[EventRounds "11"]
[EventCountry "SRB"]
[SourceTitle "EXT 2019"]
[Source "ChessBase"]
[SourceDate "2018.10.10"]
[SourceVersion "1"]
[SourceVersionDate "2018.10.10"]
[SourceQuality "1"]

1. e4 c5 2. Nc3 Nc6 3. g3 g6 4. Bg2 Bg7 5. d3 Nf6 6. Be3 d6 7. h3 0-0 8. Qd2 Nd4 9. Nd1 Rb8 10. c3 Ne6 11. d4 cxd4 12. cxd4 d5 13. e5 Ne4 1/2-1/2

[Event "Belgrade-chT Quality"]
[Site "Belgrade"]
[Date "2012.10.13"]
[Round "1.2"]
[White "Karanovic, Radoslav"]
[Black "Todic, Zoran"]
[Result "0-1"]
[WhiteElo "2228"]
[BlackElo "2240"]
[PlyCount "105"]
[EventDate "2012.10.13"]
[EventType "team-tourn"]
[EventRounds "11"]
[EventCountry "SRB"]
[SourceTitle "EXT 2019"]
[Source "ChessBase"]
[SourceDate "2018.10.10"]
[SourceVersion "1"]
[SourceVersionDate "2018.10.10"]
[SourceQuality "1"]

1. e4 e5 2. Nf3 d6 3. d4 Nf6 4. Bc4 Nxe4 5. 0-0 d5 6. Bb3 exd4 7. Qxd4 Be6 8. Nc3 c5 9. Ba4+ Nc6 10. Bxc6+ bxc6 11. Qa4 Nxc3 12. bxc3 Qc7 13. Re1 Bd6 14. Qh4 0-0 15. c4 Rae8 16. Bd2 Bf5 17. cxd5 cxd5 18. Qa4 Re4 19. Qb3 Rc4 20. Rac1 Rb8 21. Qa3 Rxc2 22. Ba5 Qc6 23. Rxc2 Bxc2 24. Qc3 Be4 25. Ng5 d4 26. Qh3 Bg6 27. Nf3 Qa4 28. Bd2 Qxa2 29. Qd7 Bf8 30. Bf4 Rb1 31. Qd8 Rxe1+ 32. Nxe1 Qb1 33. Bd2 Qb6 34. Qd5 Qe6 35. Qa8 a6 36. f3 Qe2 37. Ba5 Qe3+ 38. Kh1 Qf2 39. h3 Qa2 40. Qd8 f6 41. Kh2 Qe6 42. g3 Qe2+ 43. Kg1 Be8 44. Qd5+ Bf7 45. Qd8 Bc4 46. h4 Qf1+ 47. Kh2 Qf2+ 48. Kh3 Be6+ 49. g4 h5 50. Bc7 Qxe1 51. Bd6 Qh1+ 52. Kg3 Qg1+ 53. Kh3 0-1

[Event "Belgrade-chT Quality"]
[Site "Belgrade"]
[Date "2011.11.02"]
[Round "9"]
[White "Karanovic, Radoslav"]
[Black "Jakovljevic, Zivota"]
[Result "0-1"]
[WhiteElo "2246"]
[BlackElo "2150"]
[PlyCount "58"]
[EventDate "2011.10.15"]
[EventType "team-swiss"]
[EventRounds "11"]
[EventCountry "SRB"]
[SourceTitle "EXT 2012"]
[Source "ChessBase"]
[SourceDate "2011.11.24"]
[SourceVersion "1"]
[SourceVersionDate "2011.11.24"]
[SourceQuality "1"]

1. e4 e6 2. d4 d5 3. Nc3 Nf6 4. Bg5 Be7 5. e5 Nfd7 6. h4 h6 7. Be3 c5 8. Qg4 g6 9. Bb5 cxd4 10. Bxd4 Nc6 11. 0-0-0 Nxd4 12. Rxd4 a6 13. Bxd7+ Bxd7 14. h5 g5 15. f4 Qc7 16. Nf3 Rg8 17. f5 0-0-0 18. Nxd5 exd5 19. e6 fxe6 20. fxe6 Bc6 21. Re1 Kb8 22. Ne5 Bf6 23. e7 Bxe7 24. Nxc6+ bxc6 25. Ra4 Bc5 26. Rxa6 Kb7 27. Ra4 Rde8 28. Rd1 Rgf8 29. Rd3 Rf4 0-1

[Event "Belgrade-chT Quality"]
[Site "Belgrade"]
[Date "2011.10.31"]
[Round "7"]
[White "Karanovic, Radoslav"]
[Black "Milekic, Daniel"]
[Result "1/2-1/2"]
[WhiteElo "2246"]
[BlackElo "2206"]
[PlyCount "22"]
[EventDate "2011.10.15"]
[EventType "team-swiss"]
[EventRounds "11"]
[EventCountry "SRB"]
[SourceTitle "EXT 2012"]
[Source "ChessBase"]
[SourceDate "2011.11.24"]
[SourceVersion "1"]
[SourceVersionDate "2011.11.24"]
[SourceQuality "1"]

1. e4 e5 2. Nf3 Nc6 3. d4 exd4 4. c3 d5 5. e5 dxc3 6. Nxc3 d4 7. Nb5 a6 8. Nbxd4 Nxd4 9. Qxd4 Qxd4 10. Nxd4 Bb4+ 11. Bd2 Bxd2+ 1/2-1/2

[Event "Belgrade-chT Quality"]
[Site "Belgrade"]
[Date "2011.10.23"]
[Round "4"]
[White "Lecic, Predrag"]
[Black "Karanovic, Radoslav"]
[Result "1-0"]
[WhiteElo "2166"]
[BlackElo "2246"]
[PlyCount "69"]
[EventDate "2011.10.15"]
[EventType "team-swiss"]
[EventRounds "11"]
[EventCountry "SRB"]
[SourceTitle "EXT 2012"]
[Source "ChessBase"]
[SourceDate "2011.11.24"]
[SourceVersion "1"]
[SourceVersionDate "2011.11.24"]
[SourceQuality "1"]

1. Nf3 d5 2. d4 Nf6 3. c4 dxc4 4. e3 e6 5. Bxc4 c5 6. 0-0 a6 7. a4 Nc6 8. Qe2 cxd4 9. Rd1 Be7 10. exd4 Nb4 11. Nc3 0-0 12. Bg5 h6 13. Bh4 b6 14. d5 exd5 15. Bxf6 Bxf6 16. Nxd5 Qd6 17. Nxf6+ Qxf6 18. Qe5 Qc6 19. Qf4 Bb7 20. Rd6 Qc5 21. Rd7 Bxf3 22. Bxf7+ Kh8 23. Qxf3 Rac8 24. Qe3 Qf5 25. Be6 Qf6 26. Rf1 Rc5 27. Qd4 Re5 28. Bb3 Nc6 29. Qxb6 Rg5 30. Bd5 Ne5 31. Qxf6 gxf6 32. Rd6 Nd3 33. b3 Re8 34. f4 Rg7 35. Rxf6 1-0

[Event "BIH-ch Federation"]
[Site "Kulen Vakuf"]
[Date "2009.11.05"]
[Round "2"]
[White "Colpa, Husein"]
[Black "Karanovic, Radoslav"]
[Result "1/2-1/2"]
[WhiteElo "2043"]
[BlackElo "2260"]
[PlyCount "134"]
[EventDate "2009.11.04"]
[EventType "swiss"]
[EventRounds "7"]
[EventCountry "BIH"]
[SourceTitle "CBM 133 Extra"]
[Source "ChessBase"]
[SourceDate "2010.01.05"]
[SourceVersion "1"]
[SourceVersionDate "2010.01.05"]
[SourceQuality "1"]

1. Nf3 Nf6 2. g3 d5 3. Bg2 c5 4. c4 d4 5. d3 Nc6 6. 0-0 g6 7. Na3 Bg7 8. Nc2 0-0 9. Bd2 e5 10. b4 e4 11. Ng5 exd3 12. exd3 Bf5 13. Ne1 cxb4 14. Bxc6 bxc6 15. Bxb4 Re8 16. Ng2 h6 17. Nf3 Bg4 18. Nge1 Nd7 19. Qa4 Qf6 20. Kg2 c5 21. Ba5 Qf5 22. Ng1 Qf6 23. f3 Bf5 24. Rf2 Re7 25. Ne2 g5 26. g4 Bg6 27. Ng3 Rae8 28. Ne4 Qe6 29. Bc7 f5 30. gxf5 Bxf5 31. Re2 g4 32. f4 Qg6 33. Kf1 Qh5 34. Kg1 Bxe4 35. Rxe4 g3 36. hxg3 Nf6 37. Rxe7 Rxe7 38. Be5 Ng4 39. Qc2 Bxe5 40. fxe5 Qxe5 41. Nf3 Qxg3+ 42. Qg2 Qf4 43. Re1 Rxe1+ 44. Nxe1 Qe3+ 45. Kf1 Qf4+ 46. Kg1 Kg7 47. Qb7+ Kg6 48. Qc6+ Kh5 49. Qe8+ Kg5 50. Qg8+ Kf5 51. Qf8+ Nf6 52. Qxc5+ Kg4 53. Qc6 Qg3+ 54. Ng2 Qf3 55. Qd6 Kg5 56. Qe5+ Qf5 57. Qxd4 h5 58. Qe3+ Kg4 59. Kh2 Qf3 60. Qxa7 Qxd3 61. Qg7+ Kf5 62. Qg6+ Kxg6 63. Nf4+ Kf5 64. Nxd3 Ke4 65. Nb2 Kd4 66. a4 Nd7 67. a5 Nc5 1/2-1/2

[Event "BIH-ch Federation"]
[Site "Kulen Vakuf"]
[Date "2009.11.05"]
[Round "3"]
[White "Karanovic, Radoslav"]
[Black "Bajramovic, Halid"]
[Result "1-0"]
[WhiteElo "2260"]
[BlackElo "2235"]
[PlyCount "89"]
[EventDate "2009.11.04"]
[EventType "swiss"]
[EventRounds "7"]
[EventCountry "BIH"]
[SourceTitle "CBM 133 Extra"]
[Source "ChessBase"]
[SourceDate "2010.01.05"]
[SourceVersion "1"]
[SourceVersionDate "2010.01.05"]
[SourceQuality "1"]

1. e4 c5 2. Nf3 Nc6 3. d4 cxd4 4. c3 dxc3 5. Nxc3 d6 6. Bc4 e6 7. 0-0 Nf6 8. Qe2 Be7 9. Rd1 e5 10. Bb5 Bd7 11. Bg5 a6 12. Ba4 b5 13. Bb3 Bg4 14. Bxf6 Bxf6 15. Bd5 Nd4 16. Rxd4 exd4 17. Bxa8 dxc3 18. Bc6+ Ke7 19. bxc3 Qc7 20. Bd5 Qxc3 21. Rd1 Rd8 22. h3 Bxf3 23. gxf3 Rd7 24. Rd3 Qe5 25. Qc2 a5 26. Qc8 Qh5 27. f4 a4 28. Kg2 Qe2 29. Re3 Qh5 30. e5 dxe5 31. Qc5+ Rd6 32. fxe5 Bxe5 33. f4 f6 34. fxe5 fxe5 35. Qc7+ Ke8 36. Bc6+ Rxc6 37. Rxe5+ Qxe5 38. Qxe5+ Kf7 39. Qxb5 Rc2+ 40. Kg3 Rc3+ 41. Kg4 a3 42. Qd5+ Kf8 43. Qa5 h5+ 44. Kg5 Rg3+ 45. Kh4 1-0

[Event "BIH-chT 5th"]
[Site "Banja Vrucica"]
[Date "2006.06.19"]
[Round "2"]
[White "Karanovic, Radoslav"]
[Black "Pikula, Dejan"]
[Result "0-1"]
[WhiteElo "2295"]
[BlackElo "2537"]
[PlyCount "57"]
[EventDate "2006.06.18"]
[EventType "team-tourn"]
[EventRounds "9"]
[EventCountry "BIH"]
[SourceTitle "EXT 2019"]
[Source "ChessBase"]
[SourceDate "2018.10.10"]
[SourceVersion "1"]
[SourceVersionDate "2018.10.10"]
[SourceQuality "1"]
[WhiteTeam "Drvar"]
[BlackTeam "Sarajevo SK Slavija Istocno"]
[WhiteTeamCountry "BIH"]
[BlackTeamCountry "BIH"]

1. e4 c5 2. Nf3 e6 3. d4 cxd4 4. Nxd4 a6 5. Nc3 b5 6. Be3 Bb7 7. f3 Qc7 8. Qd2 Nf6 9. g4 h6 10. Rg1 b4 11. Na4 d5 12. h4 dxe4 13. g5 hxg5 14. hxg5 Nd5 15. g6 Rh2 16. gxf7+ Kxf7 17. Be2 e5 18. fxe4 Nxe3 19. Qxe3 exd4 20. Qb3+ Ke8 21. Qe6+ Qe7 22. Qg6+ Qf7 23. Qg3 Rxe2+ 24. Kxe2 Qh5+ 25. Kd2 Qh6+ 26. Kd3 Nd7 27. Raf1 Bc6 28. b3 Bb5+ 29. Kxd4 0-1